000 00316nam a22001457a 4500
008 221020b ||||| |||| 00| 0 eng d
020 _a9780913580769
041 _aeng
080 _a610.73
082 _a610.73 SHR
100 _a9
101 _aINF
245 _aSINGS OF THE TIMES
_cSHROYER E
942 _2udc
_cBK
999 _c58629
_d58629